| 000 | 01126nam a2200289 i 4500 | ||
|---|---|---|---|
| 001 | 000048875 | ||
| 003 | DO-SdBNP | ||
| 005 | 20250318094248.0 | ||
| 007 | ta | ||
| 008 | 190424s2015 dr r 000 0 spa d | ||
| 040 |
_aDO-SdBNP _bspa _cBNPHU _erda |
||
| 082 | 4 |
_axxxx _bM778r _222 |
|
| 100 | 1 |
_aMontero, Gregorio, _d1966- _eautor _4aut. _961917 |
|
| 245 | 1 | 0 |
_aRégimen jurídico y profesionalización de los funcionarios públicos / _cGregorio Montero ; prólogo, Olivo Rodríguez Huertas, Servio Tulio Castaños Guzmán. |
| 250 | _acuarta edición, revisada y ampliada | ||
| 264 | 4 |
_aSanto Domingo : _bMinisterio de Administración Pública, _c©2015. |
|
| 300 |
_a533 páginas ; _c21 cm. |
||
| 336 |
_atexto _btxt _2rdacontent |
||
| 337 |
_asin mediación _bn _2rdamedia |
||
| 338 |
_avolumen _bnc _2rdacarrier |
||
| 500 | _aIncluye datos biográficos del autor en las solapas | ||
| 504 | _aBibliografía : páginas 529-533 | ||
| 590 | _aInventariado, 2025/BT | ||
| 700 | 1 |
_aRodríguez Huertas, Olivo, _eprologuista _4pr. _97257 |
|
| 700 | 1 |
_aCastaños Guzmán, Servio Tulio, _eprologuista _4pr. _99389 |
|
| 942 |
_2ddc _cLBS1 |
||
| 999 |
_c48363 _d48363 |
||